[Event "GER-ch Youth U16 2019"]
[Site "Willingen"]
[Date "2019.06.09"]
[Round "1.1"]
[White "Suvorov, Alexander"]
[Black "Richter, Nils"]
[Result "1-0"]
[WhiteElo "2325"]
[BlackElo "2115"]
[Annotator "NA RC"]
[PlyCount "99"]
[EventDate "2019.06.07"]
[EventType "swiss"]
[EventRounds "9"]
[EventCountry "GER"]
[SourceTitle "playchess.com"]
[Source "ChessBase"]
[SourceQuality "1"]
[TimeControl "40/5400+30:1800+30"]

1. d4 {[%emt 0:00:00]} Nf6 {[%emt 0:00:00]} 2. c4 {[%emt 0:00:00]} g6 {[%emt 0:00:00]} 3. Nc3 {[%emt 0:00:24]} Bg7 {[%emt 0:00:00]} 4. e4 {[%emt 0:00:22]} d6 {[%emt 0:00:17]} 5. Nf3 {[%emt 0:00:34]} O-O {[%emt 0:00:26]} 6. Be2 {[%emt 0:00:18]} e5 {[%emt 0:00:23]} 7. Be3 {[%emt 0:01:20]} c6 {[%emt 0:00:17]} 8. Qd2 {[%emt 0:08:21]} exd4 {[%emt 0:00:56]} 9. Nxd4 {[%emt 0:04:12]} Re8 {[%emt 0:00:27]} 10. f3 {[%emt 0:03:14]} d5 {[%emt 0:00:40]} 11. exd5 {[%emt 0:04:04]} cxd5 {[%emt 0:01:07]} 12. O-O {[%emt 0:03:08]} Nc6 {[%emt 0:00:36]} 13. Nxc6 {[%emt 0:19:22]} bxc6 {[%emt 0:01:22]} 14. Rad1 {[%emt 0:04:52]} Ba6 {[%emt 0:20:43]} 15. Qc1 {[%emt 0:17:17]} Qe7 {[%emt 0:06:17]} 16. Bd4 {[%emt 0:06:26]} Nh5 {[%emt 0:11:35]} 17. Bxg7 {[%emt 0:02:38]} Nxg7 {[%emt 0:00:02]} 18. Rf2 {[%emt 0:01:24]} Bxc4 {[%emt 0:07:10]} 19. Bxc4 {[%emt 0:00:23]} dxc4 {[%emt 0:00:02]} 20. Ne4 {[%emt 0:00:29]} Red8 {[%emt 0:09:20]} 21. Rxd8+ {[%emt 0:01:25]} Rxd8 {[%emt 0:00:43]} 22. Qxc4 {[%emt 0:01:03]} Rd1+ {[%emt 0:06:02]} 23. Rf1 {[%emt 0:00:06]} Qd8 {[%emt 0:00:41]} 24. Qxc6 {[%emt 0:04:21]} Qd4+ {[%emt 0:00:45]} 25. Nf2 {[%emt 0:00:02]} Rxf1+ {[%emt 0:00:24]} 26. Kxf1 {[%emt 0:00:01]} Nf5 {[%emt 0:00:26]} 27. Qc8+ {[%emt 0:01:25]} Kg7 {[%emt 0:00:05]} 28. Qc3 {[%emt 0:00:11]} Ne3+ {[%emt 0:01:09]} 29. Kg1 {[%emt 0:00:18]} Qxc3 {[%emt 0:00:20]} 30. bxc3 {[%emt 0:00:01]} Kf6 {[%emt 0:02:41]} 31. Ng4+ {[%emt 0:03:45]} Nxg4 {[%emt 0:00:07]} 32. fxg4 {[%emt 0:00:01]} Ke5 {[%emt 0:01:21]} 33. Kf2 {[%emt 0:00:07]} Ke4 {[%emt 0:00:02]} 34. Ke2 {[%emt 0:00:07]} f6 {[%emt 0:02:24]} 35. Kd2 {[%emt 0:02:41]} h5 {[%emt 0:01:16]} 36. gxh5 {[%emt 0:01:16]} gxh5 {[%emt 0:00:05]} 37. g3 {[%emt 0:06:41]} a5 {[%emt 0:03:37]} 38. a4 {[%emt 0:02:51]} f5 {[%emt 0:00:42]} 39. Ke2 {[%emt 0:00:47]} f4 {[%emt 0:00:40]} 40. gxf4 {[%emt 0:01:09]} Kxf4 {[%emt 0:00:03]} 41. Kd3 {[%emt 0:32:06]} h4 {[%emt 0:31:34]} 42. Kd4 {[%emt 0:00:00]} h3 {[%emt 0:00:00]} 43. c4 {[%emt 0:00:00]} Kf3 {[%emt 0:00:00]} 44. c5 {[%emt 0:00:00]} Kg2 {[%emt 0:00:00]} 45. c6 {[%emt 0:00:00]} Kxh2 {[%emt 0:00:00]} 46. c7 {[%emt 0:00:00]} Kg2 {[%emt 0:00:00]} 47. c8=Q {[%emt 0:00:00]} h2 {[%emt 0:00:00]} 48. Qg4+ {[%emt 0:00:00]} Kh1 {[%emt 0:00:00]} 49. Qh4 {[%emt 0:00:00]} Kg2 {[%emt 0:00:00]} 50. Ke4 {normal} 1-0

[Event "GER-ch Youth U16 2019"]
[Site "Willingen"]
[Date "2019.06.09"]
[Round "1.2"]
[White "Boder, Jan"]
[Black "Wachinger, Nikolas"]
[Result "1/2-1/2"]
[WhiteElo "2123"]
[BlackElo "2311"]
[Annotator "TA"]
[PlyCount "49"]
[EventDate "2019.06.07"]
[EventType "swiss"]
[EventRounds "9"]
[EventCountry "GER"]
[SourceTitle "playchess.com"]
[Source "ChessBase"]
[SourceQuality "1"]

{[%evp 9,49,8,15,10,10,14,18,13,12,15,17,14,10,9,55,17,115,94,160,150,165,168,149,148,132,35,41,45,63,72,701,696,29983,29984,29984,29985,29982,7936,29988,746,736,491]} 1. c4 b6 2. Nc3 Bb7 3. e4 e5 4. Nf3 (4. Nge2 Nc6 5. g3 Bc5 6. Bg2 h5 7. h3 d6 8. d3 Qd7 9. h4 f5 10. exf5 Qxf5 11. O-O {1-0 (40) Naiditsch,A (2695)-Meier,G (2628) Karlsruhe/Baden Baden 2019}) 4... Nc6 5. g3 Bc5 6. Bg2 {A10: English Opening: Unusual Replies for Black} Nge7 7. d3 O-O 8. O-O {The position is equal.} d6 9. a3 a5 10. Nh4 $146 ({Predecessor:} 10. Rb1 Qd7 {0-1 (35) Miezis,N (2554)-Cheng,B (2440) Melbourne 2013}) 10... Qd7 11. Rb1 h6 12. Kh1 g5 {[#]} (12... Bd4 $11 {remains equal.}) 13. Nf5 $1 {[%mdl 512]} Nxf5 (13... f6 $142) 14. exf5 $16 Qxf5 15. f4 $1 {[%cal Rf4g5]} exf4 16. gxf4 g4 {[#]} 17. Be4 (17. b4 $1 $16 {[%mdl 512] aiming for Be4.} axb4 18. axb4) 17... Qh5 $14 18. f5 Qh4 19. Bf4 Bf2 $2 {[%mdl 8192] [#]} (19... Rae8 $16) 20. Rxf2 $1 $18 {[%mdl 576] Deflection} Qxf2 21. Qxg4+ Kh8 22. Bxh6 {[%csl Gh6][%cal Rg4g7]} Rg8 23. Qh5 {[%cal Rh6f8]} Rg7 24. Be3+ (24. f6 $142 Qxf6 25. Bg5+ {[%mdl 64] Discovered Attack} Kg8 26. Bxf6 Ne5 27. Bxb7 Ng4 28. Bxg7 Nf2+ {[#]} 29. Kg2 $1 {[%mdl 512]}) 24... Rh7 {[#]} 25. Qxh7+ $1 {[%mdl 33280] Accuracy: White = 66%, Black = 34%. . An unexpected result.} 1/2-1/2

[Event "GER-ch Youth U16 2019"]
[Site "Willingen"]
[Date "2019.06.09"]
[Round "1.3"]
[White "Köllner, Ruben Gideon"]
[Black "Pahl, Erik"]
[Result "*"]
[WhiteElo "2290"]
[BlackElo "2113"]
[Annotator "TA"]
[PlyCount "48"]
[EventDate "2019.06.07"]
[EventType "swiss"]
[EventRounds "9"]
[EventCountry "GER"]
[SourceTitle "playchess.com"]
[Source "ChessBase"]
[SourceQuality "1"]

{[%evp 9,48,42,39,47,47,49,50,31,39,31,41,31,33,30,55,61,59,39,36,31,41,40,39,38,43,35,56,49,54,29,63,33,18,14,41,6,62,32,54,22,54]} 1. d4 Nf6 2. Bg5 Ne4 3. Bf4 c5 4. f3 Nf6 5. dxc5 b6 6. e4 {A45: Trompowsky Attack} bxc5 7. Nc3 Nc6 8. Bc4 {White is slightly better.} e5 (8... d6 9. Nge2 Bd7 10. Nd5 e6 11. Nxf6+ Qxf6 12. Bxd6 Qxb2 13. Bxf8 {½-½ (87) Vitiugov,N (2719)-Smirin,I (2609) St Petersburg 2018}) 9. Be3 Be7 10. Nge2 Rb8 11. b3 $146 ({Predecessor:} 11. O-O O-O 12. b3 Nd4 13. Ng3 d6 {½-½ (37) Wallinger,M (2388)-Stanach,F (2399) ICCF email 2010}) 11... d6 12. Nd5 O-O 13. Qd2 Nxd5 14. Bxd5 Qc7 15. O-O Be6 16. Bxc6 Qxc6 17. c4 a6 18. Rad1 Rbd8 19. g4 Bh4 20. Ng3 Bxg3 21. hxg3 f6 22. Rf2 g6 ({Better is} 22... Qc7 $11) 23. Rh2 Rf7 24. Rh6 Rdd7 {Accuracy: White = 56%, Black = 47%.} *

[Event "GER-ch Youth U16 2019"]
[Site "Willingen"]
[Date "2019.06.09"]
[Round "1.4"]
[White "Köhler, Lukas"]
[Black "Trifan, Andrei Ioan"]
[Result "*"]
[WhiteElo "2068"]
[BlackElo "2268"]
[Annotator "TA"]
[PlyCount "38"]
[EventDate "2019.06.07"]
[EventType "swiss"]
[EventRounds "9"]
[EventCountry "GER"]
[SourceTitle "playchess.com"]
[Source "ChessBase"]
[SourceQuality "1"]

{[%evp 20,38,66,70,84,80,86,86,84,85,78,71,84,90,88,89,115,109,116,106,210]} 1. c4 Nf6 2. g3 g6 3. Bg2 Bg7 4. Nc3 O-O 5. e4 d6 6. Nge2 c5 7. d3 Nc6 {[%cal Bb8c6,Bc6e5,Be5g4][%mdl 32]} 8. O-O Ne8 9. Be3 Nc7 10. d4 cxd4 11. Nxd4 Ne5 {[#] A36: Symmetrical English vs ...g6: 4 Bg2 Bg7} (11... Ne6 12. Nde2 Nc5 13. Qd2 Rb8 14. Rfd1 Bg4 15. Rab1 Bxc3 16. Nxc3 Bxd1 17. Rxd1 Re8 18. Nd5 Qc8 19. Qc3 Ne5 {0-1 (36) Zhou,J (2615)-Bai,J (2594) Tianjin 2018}) 12. b3 $1 {White is better.} Ng4 13. Bc1 Ne6 {[#]} 14. Nde2 $1 Rb8 $146 ({Predecessor:} 14... Qa5 15. Bd2 Qd8 16. h3 Ne5 17. Be3 g5 18. f4 gxf4 19. gxf4 {½-½ (40) Iskusnyh,S (2495)-Belyakov,B (2388) Khanty-Mansiysk 2012}) 15. h3 Ne5 16. Be3 Nc6 17. Rc1 a6 18. Nd5 b6 19. f4 f5 (19... a5 $16) *

[Event "GER-ch Youth U16 2019"]
[Site "Willingen"]
[Date "2019.06.09"]
[Round "1.5"]
[White "Nguyen, Alex Dac-Vuong"]
[Black "Burian, Simon"]
[Result "1/2-1/2"]
[WhiteElo "2287"]
[BlackElo "2001"]
[Annotator "TA"]
[PlyCount "39"]
[EventDate "2019.06.07"]
[EventType "swiss"]
[EventRounds "9"]
[EventCountry "GER"]
[SourceTitle "playchess.com"]
[Source "ChessBase"]
[SourceQuality "1"]

{[%evp 15,39,39,2,-6,59,47,66,27,39,26,52,42,63,48,61,81,79,38,78,60,66,62,87,65,81,73]} 1. d4 Nf6 2. c4 g6 3. f3 d5 4. cxd5 Nxd5 5. e4 Nb6 6. Nc3 Bg7 7. Be3 O-O 8. Qd2 Nc6 {[%cal Rc6d4]} 9. Rd1 {D70: Grünfeld: Unusual White 3rd moves (met by ...d5)} (9. O-O-O Qd6 10. Kb1 Rd8 11. Nb5 Qd7 12. d5 a6 13. Nc3 Qe8 14. Qc1 Na5 15. h4 e6 16. Bf4 Rd7 17. Bh6 Bxh6 18. Qxh6 exd5 {½-½ (35) Aronian,L (2809)-Svidler,P (2749) Geneva 2017}) 9... f5 ({Better is} 9... e5 $11 10. dxe5 Bxe5) 10. e5 $1 $14 Nb4 11. b3 $146 {White is slightly better.} ({Predecessor:} 11. Nh3 c6 12. Bh6 Be6 13. Bxg7 Kxg7 14. Nf4 Qd7 15. h4 h6 16. Rh3 N6d5 17. Nxe6+ Qxe6 {1-0 (30) Anurag,M (2393)-Shailesh,D (2305) Nagpur 2015}) 11... Be6 12. Nh3 N4d5 13. Nxd5 Bxd5 14. Nf4 Qd7 15. h4 Bf7 16. Kf2 Rad8 17. Be2 c6 18. Qc1 Qc8 19. Qa3 Qc7 20. Qc5 {Accuracy: White = 68%, Black = 58%.} 1/2-1/2

[Event "GER-ch Youth U16 2019"]
[Site "Willingen"]
[Date "2019.06.09"]
[Round "1.6"]
[White "Gutkin, Ilya"]
[Black "Kopylov, Daniel"]
[Result "1-0"]
[WhiteElo "2041"]
[BlackElo "2263"]
[Annotator "NA"]
[PlyCount "92"]
[EventDate "2019.06.07"]
[EventType "swiss"]
[EventRounds "9"]
[EventCountry "GER"]
[SourceTitle "playchess.com"]
[Source "ChessBase"]
[SourceQuality "1"]
[TimeControl "40/5400+30:1800+30"]

1. Nf3 {[%emt 0:00:00]} d5 {[%emt 0:01:25]} 2. c4 {[%emt 0:00:00]} e6 {[%emt 0:03:59]} 3. g3 {[%emt 0:01:13]} Nf6 {[%emt 0:00:24]} 4. Bg2 {[%emt 0:00:26]} c5 {[%emt 0:03:35]} 5. cxd5 {[%emt 0:07:32]} exd5 {[%emt 0:02:02]} 6. d4 {[%emt 0:02:36]} Nc6 {[%emt 0:00:22]} 7. O-O {[%emt 0:01:03]} Be7 {[%emt 0:02:43]} 8. dxc5 {[%emt 0:05:05]} Bxc5 {[%emt 0:02:14]} 9. a3 {[%emt 0:00:11]} O-O {[%emt 0:00:52]} 10. Nc3 {[%emt 0:03:39]} h6 {[%emt 0:28:45]} 11. b4 {[%emt 0:09:48]} Be7 {[%emt 0:03:25]} 12. Bb2 {[%emt 0:01:47]} Be6 {[%emt 0:02:48]} 13. Nd4 {[%emt 0:09:23]} Nxd4 {[%emt 0:12:08]} 14. Qxd4 {[%emt 0:00:07]} Qb6 {[%emt 0:03:42]} 15. Qxb6 {[%emt 0:07:51]} axb6 {[%emt 0:00:05]} 16. Rac1 {[%emt 0:02:00]} Rfd8 {[%emt 0:02:11]} 17. Rfd1 {[%emt 0:22:54]} Rac8 {[%emt 0:01:11]} 18. Nb5 {[%emt 0:04:52]} Bd7 {[%emt 0:05:48]} 19. Nc7 {[%emt 0:09:49]} Ba4 {[%emt 0:07:35]} 20. Nxd5 {[%emt 0:03:02]} Nxd5 {[%emt 0:01:51]} 21. Rxd5 {[%emt 0:00:12]} Rxc1+ {[%emt 0:01:10]} 22. Bxc1 {[%emt 0:00:05]} Rc8 {[%emt 0:00:18]} 23. Be3 {[%emt 0:01:36]} Rc2 {[%emt 0:01:19]} 24. Re5 {[%emt 0:00:39]} Rxe2 {[%emt 0:04:06]} 25. Kf1 {[%emt 0:05:44]} Bf6 {[%emt 0:01:02]} 26. Kxe2 {[%emt 0:00:04]} Bxe5 {[%emt 0:00:03]} 27. Kd3 {[%emt 0:01:06]} Bb5+ {[%emt 0:07:41]} 28. Kc2 {[%emt 0:00:06]} Ba4+ {[%emt 0:00:25]} 29. Kd3 {[%emt 0:00:07]} Bb5+ {[%emt 0:00:05]} 30. Kc2 {[%emt 0:00:03]} Ba4+ {[%emt 0:00:02]} 31. Kb1 {[%emt 0:00:10]} Bc7 {[%emt 0:01:28]} 32. Bxb7 {[%emt 0:00:10]} Kf8 {[%emt 0:00:14]} 33. Bd4 {[%emt 0:00:38]} f6 {[%emt 0:00:09]} 34. Kb2 {[%emt 0:00:52]} Ke7 {[%emt 0:00:07]} 35. Kc3 {[%emt 0:00:45]} Ke6 {[%emt 0:00:27]} 36. Be4 {[%emt 0:01:05]} g5 {[%emt 0:01:22]} 37. Bd3 {[%emt 0:01:13]} h5 {[%emt 0:00:47]} 38. h3 {[%emt 0:00:30]} Bc6 {[%emt 0:00:36]} 39. Bc4+ {[%emt 0:00:30]} Kf5 {[%emt 0:00:25]} 40. Bd3+ {[%emt 0:00:18]} Ke6 {[%emt 0:00:07]} 41. h4 {[%emt 0:05:59]} Be8 {[%emt 0:06:04]} 42. Kc4 {[%emt 0:08:31]} Bd8 {[%emt 0:02:30]} 43. Be3 {[%emt 0:05:17]} gxh4 {[%emt 0:02:27]} 44. gxh4 {[%emt 0:00:06]} f5 {[%emt 0:06:42]} 45. Be2 {[%emt 0:02:40]} b5+ {[%emt 0:10:08]} 46. Kc5 {[%emt 0:00:20]} Bxh4 {[%emt 0:04:18] normal} 1-0

[Event "GER-ch Youth U16 2019"]
[Site "Willingen"]
[Date "2019.06.09"]
[Round "1.7"]
[White "Woelk, Tom-Frederic"]
[Black "Biermann, Florian"]
[Result "1-0"]
[WhiteElo "2239"]
[BlackElo "2018"]
[Annotator "NA"]
[PlyCount "81"]
[EventDate "2019.06.07"]
[EventType "swiss"]
[EventRounds "9"]
[EventCountry "GER"]
[SourceTitle "playchess.com"]
[Source "ChessBase"]
[SourceQuality "1"]
[TimeControl "40/5400+30:1800+30"]

1. d4 {[%emt 0:00:00]} Nf6 {[%emt 0:01:17]} 2. c4 {[%emt 0:00:00]} g6 {[%emt 0:02:11]} 3. Nc3 {[%emt 0:00:00]} Bg7 {[%emt 0:00:14]} 4. e4 {[%emt 0:00:00]} d6 {[%emt 0:00:05]} 5. Bd3 {[%emt 0:00:43]} O-O {[%emt 0:08:35]} 6. Nge2 {[%emt 0:01:00]} e5 {[%emt 0:05:02]} 7. d5 {[%emt 0:00:49]} Nbd7 {[%emt 0:02:43]} 8. O-O {[%emt 0:00:49]} Ne8 {[%emt 0:07:45]} 9. Be3 {[%emt 0:05:03]} f5 {[%emt 0:06:35]} 10. exf5 {[%emt 0:03:40]} gxf5 {[%emt 0:00:13]} 11. f4 {[%emt 0:00:04]} e4 {[%emt 0:02:17]} 12. Bc2 {[%emt 0:00:41]} a5 {[%emt 0:06:36]} 13. a3 {[%emt 0:04:51]} Nc5 {[%emt 0:07:28]} 14. Rb1 {[%emt 0:02:34]} Qe7 {[%emt 0:02:27]} 15. Nd4 {[%emt 0:03:32]} Rf6 {[%emt 0:03:43]} 16. b4 {[%emt 0:04:23]} Na6 {[%emt 0:02:18]} 17. Nce2 {[%emt 0:07:22]} Rh6 {[%emt 0:05:46]} 18. Qe1 {[%emt 0:05:12]} Bf6 {[%emt 0:04:44]} 19. Ba4 {[%emt 0:27:45]} Ng7 {[%emt 0:03:23]} 20. Ng3 {[%emt 0:03:07]} Kh8 {[%emt 0:07:16]} 21. Nde2 {[%emt 0:03:39]} Bd7 {[%emt 0:02:24]} 22. Bxd7 {[%emt 0:00:39]} Qxd7 {[%emt 0:00:06]} 23. Bd4 {[%emt 0:02:29]} Qe7 {[%emt 0:00:48]} 24. Rf2 {[%emt 0:05:13]} Rg8 {[%emt 0:02:14]} 25. Nf1 {[%emt 0:00:40]} Nh5 {[%emt 0:03:06]} 26. Ne3 {[%emt 0:04:13]} Ng7 {[%emt 0:03:56]} 27. Qc3 {[%emt 0:04:39]} axb4 {[%emt 0:03:00]} 28. axb4 {[%emt 0:00:09]} Nb8 {[%emt 0:00:10]} 29. Ng3 {[%emt 0:01:10]} Bxd4 {[%emt 0:01:36]} 30. Qxd4 {[%emt 0:00:30]} Qh4 {[%emt 0:00:35]} 31. Nexf5 {[%emt 0:07:26]} Qxh2+ 32. Kf1 Rg6 {[%emt 0:02:04]} 33. Ne2 {[%emt 0:01:59]} Nd7 {[%emt 0:04:30]} 34. Ne7 {[%emt 0:01:26]} Rf6 {[%emt 0:00:11]} 35. Rb3 {[%emt 0:00:22]} Qh1+ {[%emt 0:01:09]} 36. Ng1 {[%emt 0:00:03]} Qh6 {[%emt 0:00:57]} 37. Rh3 {[%emt 0:00:27]} Nh5 {[%emt 0:00:28]} 38. Nxg8 {[%emt 0:00:08]} Kxg8 {[%emt 0:00:10]} 39. g4 {[%emt 0:00:27]} Rxf4 {[%emt 0:00:55]} 40. Rxh5 {[%emt 0:00:05]} Rxf2+ {[%emt 0:00:07]} 41. Qxf2 {[%emt 0:30:07] normal} 1-0

[Event "GER-ch Youth U16 2019"]
[Site "Willingen"]
[Date "2019.06.09"]
[Round "1.8"]
[White "Huber, Benedikt"]
[Black "Koelle, Tobias"]
[Result "0-1"]
[WhiteElo "2051"]
[BlackElo "2215"]
[Annotator "NA"]
[PlyCount "53"]
[EventDate "2019.06.07"]
[EventType "swiss"]
[EventRounds "9"]
[EventCountry "GER"]
[SourceTitle "playchess.com"]
[Source "ChessBase"]
[SourceQuality "1"]
[TimeControl "40/5400+30:1800+30"]

1. d4 {[%emt 0:00:00]} Nf6 {[%emt 0:00:00]} 2. c4 {[%emt 0:00:00]} g6 {[%emt 0:00:00]} 3. Nf3 {[%emt 0:00:00]} Bg7 {[%emt 0:00:00]} 4. g3 {[%emt 0:00:52]} O-O {[%emt 0:03:41]} 5. Bg2 {[%emt 0:00:39]} d6 {[%emt 0:00:07]} 6. O-O {[%emt 0:00:07]} Nc6 {[%emt 0:02:06]} 7. Nc3 {[%emt 0:00:15]} a6 {[%emt 0:00:17]} 8. b3 {[%emt 0:00:48]} Rb8 {[%emt 0:00:14]} 9. Nd5 {[%emt 0:00:35]} e6 {[%emt 0:04:23]} 10. Nxf6+ {[%emt 0:01:37]} Bxf6 {[%emt 0:00:09]} 11. Bb2 {[%emt 0:02:07]} b5 {[%emt 0:03:54]} 12. Rc1 {[%emt 0:02:20]} Bb7 {[%emt 0:01:29]} 13. Qd2 {[%emt 0:04:00]} Ne7 {[%emt 0:04:57]} 14. Rfe1 {[%emt 0:06:15]} Bg7 {[%emt 0:05:27]} 15. e4 {[%emt 0:03:40]} bxc4 {[%emt 0:00:41]} 16. bxc4 {[%emt 0:02:23]} Ba8 {[%emt 0:02:33]} 17. Ba3 {[%emt 0:06:03]} Qd7 {[%emt 0:02:22]} 18. Qc2 {[%emt 0:01:32]} f5 {[%emt 0:03:58]} 19. d5 {[%emt 0:15:21]} e5 {[%emt 0:05:40]} 20. c5 {[%emt 0:22:38]} fxe4 {[%emt 0:01:51]} 21. c6 {[%emt 0:00:43]} Qf5 {[%emt 0:00:23]} 22. Nh4 {[%emt 0:01:31]} Qf7 {[%emt 0:01:56]} 23. Bxe4 {[%emt 0:12:17]} Nxd5 {[%emt 0:00:29]} 24. Nf3 {[%emt 0:00:39]} Bh6 {[%emt 0:03:27]} 25. Rb1 {[%emt 0:06:10]} Nf6 {[%emt 0:00:52]} 26. Bd3 {[%emt 0:00:58]} Kg7 {[%emt 0:03:55]} 27. Bc4 {[%emt 0:04:13] normal} 0-1

[Event "GER-ch Youth U16 2019"]
[Site "Willingen"]
[Date "2019.06.09"]
[Round "1.9"]
[White "Stork, Oliver"]
[Black "Fromm, Marius"]
[Result "1/2-1/2"]
[WhiteElo "2224"]
[BlackElo "2038"]
[Annotator "NA"]
[PlyCount "84"]
[EventDate "2019.06.07"]
[EventType "swiss"]
[EventRounds "9"]
[EventCountry "GER"]
[SourceTitle "playchess.com"]
[Source "ChessBase"]
[SourceQuality "1"]
[TimeControl "40/5400+30:1800+30"]

1. b3 {[%emt 0:00:00]} Nf6 {[%emt 0:04:27]} 2. Bb2 {[%emt 0:00:00]} e6 {[%emt 0:01:13]} 3. Nf3 {[%emt 0:00:37]} Be7 {[%emt 0:01:16]} 4. c4 {[%emt 0:00:20]} c5 {[%emt 0:01:52]} 5. g3 {[%emt 0:00:40]} b6 {[%emt 0:01:12]} 6. Bg2 {[%emt 0:00:10]} Bb7 {[%emt 0:00:12]} 7. O-O {[%emt 0:00:08]} O-O {[%emt 0:00:40]} 8. Nc3 {[%emt 0:01:54]} d5 {[%emt 0:08:43]} 9. e3 {[%emt 0:16:19]} dxc4 {[%emt 0:04:22]} 10. bxc4 {[%emt 0:00:07]} Nc6 {[%emt 0:00:13]} 11. Qe2 {[%emt 0:03:12]} a6 {[%emt 0:08:40]} 12. Ne1 {[%emt 0:11:57]} Qc7 {[%emt 0:02:38]} 13. f4 {[%emt 0:00:26]} Na7 {[%emt 0:01:50]} 14. g4 {[%emt 0:16:57]} b5 {[%emt 0:09:29]} 15. g5 {[%emt 0:02:33]} Nd7 {[%emt 0:06:13]} 16. Ne4 {[%emt 0:04:51]} Rad8 {[%emt 0:17:51]} 17. Nd3 {[%emt 0:08:59]} f5 {[%emt 0:06:51]} 18. gxf6 {[%emt 0:00:11]} Nxf6 {[%emt 0:00:18]} 19. Ndf2 {[%emt 0:13:39]} Qb6 {[%emt 0:03:34]} 20. Rab1 {[%emt 0:02:41]} b4 {[%emt 0:04:32]} 21. d4 {[%emt 0:01:15]} a5 {[%emt 0:05:35]} 22. Kh1 {[%emt 0:03:30]} cxd4 {[%emt 0:00:59]} 23. Bxd4 {[%emt 0:00:06]} Qc7 {[%emt 0:00:51]} 24. Be5 {[%emt 0:01:22]} Qb6 {[%emt 0:00:43]} 25. Rg1 {[%emt 0:00:38]} Nc6 {[%emt 0:00:40]} 26. c5 {[%emt 0:05:21]} Qa7 {[%emt 0:00:02]} 27. Nd6 {[%emt 0:00:30]} Ba8 {[%emt 0:01:45]} 28. Ng4 {[%emt 0:01:25]} Kh8 {[%emt 0:03:16]} 29. Rbc1 {[%emt 0:02:31]} Nxe5 {[%emt 0:00:15]} 30. fxe5 {[%emt 0:00:16]} Nd5 {[%emt 0:01:02]} 31. c6 {[%emt 0:01:51]} Bxd6 {[%emt 0:01:35]} 32. Bxd5 {[%emt 0:00:47]} Bxe5 {[%emt 0:01:44]} 33. Be4 {[%emt 0:00:38]} Qc7 {[%emt 0:00:24]} 34. Rc5 {[%emt 0:00:24]} Bd6 {[%emt 0:00:22]} 35. Rh5 {[%emt 0:00:04]} Rf5 {[%emt 0:00:59]} 36. Bxf5 {[%emt 0:00:50]} exf5 {[%emt 0:00:51]} 37. Rxh7+ {[%emt 0:00:09]} Kg8 {[%emt 0:00:38]} 38. Nf6+ {[%emt 0:00:52]} Kf8 {[%emt 0:00:02]} 39. Rh8+ {[%emt 0:00:39]} Kf7 {[%emt 0:00:24]} 40. Qh5+ {[%emt 0:00:37]} Kxf6 {[%emt 0:00:02]} 41. Qg6+ {[%emt 0:30:31]} Ke5 {[%emt 0:30:41]} 42. Qg3+ {[%emt 0:00:00]} Kd5 {[%emt 0:00:00] normal} 1/2-1/2

[Event "GER-ch Youth U16 2019"]
[Site "Willingen"]
[Date "2019.06.09"]
[Round "1.10"]
[White "Jeschke, Jan"]
[Black "Dobrikov, Marco"]
[Result "0-1"]
[WhiteElo "1915"]
[BlackElo "2281"]
[Annotator "TA"]
[PlyCount "120"]
[EventDate "2019.06.07"]
[EventType "swiss"]
[EventRounds "9"]
[EventCountry "GER"]
[SourceTitle "playchess.com"]
[Source "ChessBase"]
[SourceQuality "1"]

{[%evp 16,120,21,21,21,8,29,27,20,12,24,-8,-4,-6,-8,-2,-4,0,0,-29,-35,-83,-33,-76,-92,-86,-81,-86,-72,-68,-82,-69,-81,-111,-113,-104,-108,-97,0,-89,-88,-157,-154,-166,-168,-163,-168,-172,-179,-247,-243,-262,-255,-235,-197,-201,-198,-329,-313,-318,-306,-320,-313,-313,-224,-1295,-1273,-872,-620,-1268,-442,-393,-229,-590,-417,-458,-319,-319,-319,-319,-319,-615,-608,-452,-1335,-1167,-1222,-1366,-1376,-1379,-1381,-1285,-1272,-1333,-558,-1332,-1312,-1272,-1190,-916,-835,-1240,-1219,-1136,-1102,-749,-649]} 1. e4 c5 2. d4 cxd4 3. c3 Nf6 4. e5 Nd5 5. Nf3 Nc6 6. cxd4 d6 7. Bc4 Nb6 8. Bb5 Bd7 9. Nc3 dxe5 {B22: Sicilian: 2 c3} (9... a6 10. Be2 Bf5 11. Nh4 Bd7 12. e6 Bxe6 13. d5 Nxd5 14. Nxd5 g5 15. Nf3 h6 16. O-O Bg7 17. Be3 {1-0 (52) Christiansen,J (2486)-Adly,A (2643) Reykjavik 2018}) 10. dxe5 g6 11. O-O Bg7 {White has an edge.} 12. Qe2 O-O 13. Re1 $146 ({Predecessor:} 13. h3 Qc7 14. Bf4 a6 15. Bd3 Be6 16. Rac1 Nd5 17. Bg3 {0-1 (91) Izzat,K (2496)-Papin,V (2483) Adelaide 2018}) 13... Qc7 14. Bf4 Bg4 15. Rac1 a6 16. Bxc6 Qxc6 17. Ne4 Qb5 18. b3 Nd5 19. Bg3 Qxe2 20. Rxe2 Rac8 21. Rec2 Nb4 $40 {[%mdl 128] Black wants a kill.} 22. Rxc8 Rxc8 23. Rxc8+ Bxc8 24. a3 Nd3 25. Kf1 Be6 26. Nd4 Bc8 ({Much weaker is} 26... Nxe5 $6 27. Nxe6 fxe6 28. Nc5 $11) (26... Bxe5 $6 27. Bxe5 Bf5 28. Nxf5 $14) (26... Bf5 $17 27. Nd2 Nxe5 28. Nxf5 gxf5) 27. f4 {[#]} (27. Nf3 $1 $11) 27... Bh6 $1 $17 28. Ng5 {[#]} (28. Bh4 $142) 28... Nxe5 $1 {[%mdl 576] Deflection} 29. fxe5 {Threatens to win with Bh4.} Bxg5 {[%mdl 4096] Endgame KBB-KBN} 30. Ke2 f5 31. Kd3 Kf7 32. Nf3 (32. Kc3 $142) 32... Bc1 $19 33. a4 Be6 34. Kc2 Bh6 35. h4 Bd5 36. Kc3 (36. Ng5+ $142 Kg8 37. Kc3) 36... Be3 37. Ng5+ Kg8 38. Nf3 Bxf3 39. gxf3 {KB-KB} f4 40. Bh2 $2 (40. Be1) 40... e6 41. Kd3 h6 42. Bg3 h5 (42... fxg3 $142 43. Kxe3 g5 44. hxg5 hxg5) 43. Be1 Kf7 (43... Kf8 $142 44. Ke4 Ke7) 44. Kc4 $2 (44. Ba5 {was the crucial defense.}) 44... Bg1 45. Kd3 Bh2 46. Ke2 {[#]} g5 $1 {[%mdl 512]} 47. hxg5 {intending Kf1.} Kg6 48. Kf1 $2 (48. Bh4 Bg1 49. Kd3) 48... Kxg5 {Black is clearly winning.} 49. Kg2 {[#]} Bg3 $1 {[%cal Rg3e1][%mdl 512]} 50. Bc3 (50. Bxg3 fxg3) 50... Kf5 51. Kh3 Bf2 52. Bb2 Bc5 53. Kh4 Kg6 54. Bc1 Be7+ 55. Kh3 Kf5 56. Bb2 Bd8 57. Bc3 Bc7 58. Kh4 Bxe5 59. Bd2 Kg6 60. Kh3 Kg5 {Accuracy: White = 54%, Black = 81%.} 0-1